[Event "CYCC U12 w"]
[Site "Quebec CAN"]
[Date "2018.07.05"]
[Round "7.100"]
[White "Mellon-Ruel, Clarelie"]
[Black "Liao, Jody"]
[Result "0-1"]
[WhiteElo "1046"]
[BlackElo "957"]
[PlyCount "90"]
[EventDate "2018.07.02"]
[EventType "swiss"]
[EventRounds "7"]
[EventCountry "CAN"]

1. d4 d5 2. Nf3 c5 3. c3 e6 4. e3 Nc6 5. c4 Nf6 6. Bd3 Bd6 7. O-O O-O 8. Nbd2
Re8 9. e4 Be7 10. e5 Nd7 11. Re1 cxd4 12. cxd5 exd5 13. e6 fxe6 14. Rxe6 Nc5
15. Re1 Nxd3 16. Re2 Rf8 17. Qc2 Bf5 18. Qb3 Rb8 19. Ne4 Kh8 20. Neg5 h6 21.
Ne6 Bxe6 22. Rxe6 Nc5 23. Rd6 Nxb3 24. Rxd8 Nxa1 25. Rxf8+ Rxf8 26. b3 Nc2 27.
Kf1 d3 28. Bd2 Bb4 29. Bxb4 N6xb4 30. Nd2 Re8 31. g3 Re2 32. Kg2 Rxd2 33. Kf3
Rd1 34. a3 Re1 35. axb4 d2 36. Kf4 d1=Q 37. f3 Qd4+ 38. Kf5 Re2 39. f4 g5 40.
fxg5 hxg5 41. Kxg5 Rf2 42. g4 Qf4+ 43. Kh5 Rg2 44. h3 Kg7 45. b5 Qh6# 0-1

[Event "CYCC U12 w"]
[Site "Quebec CAN"]
[Date "2018.07.05"]
[Round "7.101"]
[White "Boucher, Anne-Marie"]
[Black "Vozian, Emilia"]
[Result "0-1"]
[WhiteElo "820"]
[BlackElo "1045"]
[PlyCount "82"]
[EventDate "2018.07.02"]
[EventType "swiss"]
[EventRounds "7"]
[EventCountry "CAN"]

1. e4 e5 2. Nf3 Nc6 3. Bb5 d6 4. O-O Bd7 5. Nc3 Nf6 6. d3 Be7 7. Be3 a6 8. Ba4
b5 9. Bb3 Bg4 10. h3 Bh5 11. d4 exd4 12. Bxd4 Nxd4 13. Qxd4 Bxf3 14. gxf3 c5
15. Qe3 c4 16. Nd5 Nxd5 17. exd5 cxb3 18. axb3 O-O 19. Rae1 Bg5 20. Qe4 Re8 21.
Qb4 Qf6 22. Rxe8+ Rxe8 23. Re1 Rxe1+ 24. Qxe1 Qe5 25. Qc3 Qxc3 26. bxc3 Kf8 27.
Kg2 Bf6 28. c4 bxc4 29. bxc4 a5 30. c5 dxc5 31. c4 a4 32. d6 a3 33. d7 a2 34.
d8=Q+ Bxd8 35. f4 a1=Q 36. h4 Bxh4 37. Kh3 Qh1+ 38. Kg4 h5+ 39. Kxh5 Bxf2+ 40.
Kg4 Qg2+ 41. Kh5 Qg6# 0-1

[Event "CYCC U12 w"]
[Site "Quebec CAN"]
[Date "2018.07.05"]
[Round "7.102"]
[White "Fan, Elaine"]
[Black "Gauthier, Annie"]
[Result "1-0"]
[WhiteElo "1058"]
[BlackElo "842"]
[PlyCount "51"]
[EventDate "2018.07.02"]
[EventType "swiss"]
[EventRounds "7"]
[EventCountry "CAN"]

1. e4 Nc6 2. d4 Nf6 3. Nc3 e5 4. d5 Nb4 5. a3 Na6 6. Nf3 d6 7. Be3 Bg4 8. h3
Bh5 9. g4 Bg6 10. Bd3 Nc5 11. Bxc5 dxc5 12. Nxe5 Qd6 13. Bb5+ c6 14. dxc6 Rb8
15. c7+ Ke7 16. Qxd6+ Kxd6 17. cxb8=Q+ Ke7 18. Qc7+ Ke6 19. Bd7+ Nxd7 20. Nxd7
f6 21. Nxf8+ Rxf8 22. Rd1 Rd8 23. Rxd8 f5 24. Qd6+ Kf7 25. Rd7+ Ke8 26. Qe7#
1-0

[Event "CYCC U14"]
[Site "Quebec CAN"]
[Date "2018.07.02"]
[Round "3.30"]
[White "Celer-Matas, Simon"]
[Black "Hemstapat, Andrew"]
[Result "0-1"]
[WhiteElo "1223"]
[BlackElo "2239"]
[PlyCount "98"]
[EventDate "2018.07.02"]
[EventType "swiss"]
[EventRounds "7"]
[EventCountry "CAN"]

1. e4 e6 2. d4 d5 3. e5 c5 4. c3 Nc6 5. Nf3 Bd7 6. a3 c4 7. Be2 Na5 8. Nbd2 Bc6
9. Qc2 Qd7 10. Bd1 f5 11. b4 cxb3 12. Nxb3 Nc4 13. Nbd2 Rc8 14. Nxc4 dxc4 15.
Qa2 Ne7 16. Be2 Bd5 17. Rb1 Be4 18. Rb4 b5 19. Qb2 a6 20. Qd2 Nc6 21. Rb2 Bxa3
22. Ra2 Bxc1 23. Qxc1 a5 24. Qb2 Rb8 25. O-O O-O 26. Nd2 Bd5 27. Bf3 Rfc8 28.
Rd1 h6 29. Bxd5 Qxd5 30. Nf3 Kh7 31. h4 b4 32. Qd2 b3 33. Ra4 Qb5 34. Ra3 Ne7
35. Rda1 Nd5 36. Qb2 Ra8 37. Nd2 Nf4 38. Ra4 Qd5 39. Nf3 Rg8 40. Qd2 g5 41.
hxg5 Nxg2 42. Kxg2 Rxg5+ 43. Kf1 Qxf3 44. Rxa5 Rag8 45. Ra7+ Kh8 46. Qxg5 Rxg5
47. Ra8+ Rg8 48. R8a6 Qd3+ 49. Ke1 Rg1# 0-1

[Event "CYCC U14"]
[Site "Quebec CAN"]
[Date "2018.07.02"]
[Round "3.31"]
[White "Yang, Fan"]
[Black "Zhao, Jeffrey R"]
[Result "1/2-1/2"]
[WhiteElo "2113"]
[BlackElo "1973"]
[PlyCount "70"]
[EventDate "2018.07.02"]
[EventType "swiss"]
[EventRounds "7"]
[EventCountry "CAN"]

1. e4 e5 2. Nf3 Nc6 3. Bc4 Bc5 4. c3 Nf6 5. d3 a6 6. Bb3 Ba7 7. Nbd2 d6 8. O-O
Be6 9. Bc2 Qd7 10. a4 O-O 11. h3 h6 12. Qe2 Nh5 13. Qd1 Nf4 14. Nc4 f5 15. Bxf4
exf4 16. Bb3 fxe4 17. dxe4 Qf7 18. Ncd2 Rae8 19. Re1 Re7 20. Bxe6 Qxe6 21. Qc2
g5 22. Qb3 Qxb3 23. Nxb3 Rfe8 24. Nbd2 Ne5 25. Nxe5 Rxe5 26. Kf1 Kf7 27. b4 d5
28. exd5 Rxd5 29. Nc4 Rxe1+ 30. Rxe1 Kf6 31. a5 c5 32. bxc5 Bxc5 33. f3 Be7 34.
Rb1 Rb5 35. Ra1 Rd5 1/2-1/2

[Event "CYCC U14"]
[Site "Quebec CAN"]
[Date "2018.07.02"]
[Round "3.32"]
[White "Tanaka, Tyler"]
[Black "Craciun, David"]
[Result "0-1"]
[WhiteElo "2067"]
[BlackElo "1837"]
[PlyCount "110"]
[EventDate "2018.07.02"]
[EventType "swiss"]
[EventRounds "7"]
[EventCountry "CAN"]

1. e4 e5 2. Nf3 Nc6 3. Bb5 a6 4. Ba4 Nf6 5. O-O Be7 6. Re1 b5 7. Bb3 O-O 8. h3
Bb7 9. d3 Na5 10. Nxe5 Nxb3 11. axb3 d5 12. exd5 Qxd5 13. Qf3 Bd6 14. Qxd5 Nxd5
15. Bd2 Rae8 16. Nf3 Nf4 17. Bxf4 Bxf4 18. Nbd2 f5 19. b4 g5 20. Nb3 g4 21.
Rxe8 Rxe8 22. Re1 Rxe1+ 23. Nxe1 Bd5 24. Nd4 Bd2 25. Nxf5 Be6 26. Nd4 Bd7 27.
Kf1 gxh3 28. gxh3 Bxh3+ 29. Ke2 Bxb4 30. c3 Bd6 31. b4 Kf7 32. Ke3 Kf6 33. f4
c5 34. bxc5 Bxc5 35. Ke4 Bxd4 36. Kxd4 Kf5 37. Ke3 Bg4 38. d4 Ke6 39. Nd3 a5
40. Ne5 h5 41. Nc6 a4 42. Nb4 h4 43. d5+ Kd6 44. Kf2 a3 45. Nc2 a2 46. Ke3 Bf5
47. Na1 Kxd5 48. Kf2 Kc4 49. Ke3 Kxc3 50. Ke2 Kb2 51. Kd1 Kxa1 52. Kd2 Kb1 53.
Ke3 a1=Q 54. Ke2 Qc3 55. Kf1 Qd2 0-1

[Event "CYCC U14"]
[Site "Quebec CAN"]
[Date "2018.07.02"]
[Round "3.33"]
[White "Liu, Harrison"]
[Black "Makarczyk, David"]
[Result "1/2-1/2"]
[WhiteElo "1828"]
[BlackElo "1582"]
[PlyCount "41"]
[EventDate "2018.07.02"]
[EventType "swiss"]
[EventRounds "7"]
[EventCountry "CAN"]

1. e4 c5 2. Ne2 Nc6 3. d4 cxd4 4. Nxd4 e5 5. Nb3 d6 6. Nc3 Nf6 7. f3 Be6 8. Nd5
Rc8 9. Be3 Be7 10. Nxf6+ Bxf6 11. Qd2 d5 12. Nc5 d4 13. Nxe6 dxe3 14. Qxd8+
Nxd8 15. Nxd8 Bxd8 16. O-O-O O-O 17. Rd5 f6 18. Be2 Bb6 19. c3 Rf7 20. Rhd1
Rfc7 21. Kb1 1/2-1/2

[Event "CYCC U14"]
[Site "Quebec CAN"]
[Date "2018.07.02"]
[Round "3.34"]
[White "Zhao, Ian"]
[Black "Ahmed, Syed Ibrahim"]
[Result "1/2-1/2"]
[WhiteElo "2055"]
[BlackElo "1493"]
[PlyCount "72"]
[EventDate "2018.07.02"]
[EventType "swiss"]
[EventRounds "7"]
[EventCountry "CAN"]

1. e4 c6 2. d3 d5 3. Nd2 e5 4. Ngf3 Bd6 5. g3 Nf6 6. Bg2 Nbd7 7. O-O O-O 8. Re1
Re8 9. c3 Nc5 10. Qc2 b6 11. b4 Ncd7 12. a3 Bb7 13. Bb2 c5 14. exd5 Bxd5 15. c4
Bb7 16. b5 Qc7 17. a4 a6 18. bxa6 Rxa6 19. Nb1 e4 20. dxe4 Bxe4 21. Qb3 Ne5 22.
Nxe5 Bxg2 23. Kxg2 Bxe5 24. Bxe5 Rxe5 25. Nc3 Ra8 26. Rab1 Rae8 27. Red1 Qc8
28. Qxb6 Rh5 29. h4 Rxh4 30. gxh4 Qg4+ 31. Kf1 Qh3+ 32. Kg1 Qg4+ 33. Kf1 Qh3+
34. Kg1 Qg4+ 35. Kf1 Qh3+ 36. Kg1 Qg4+ 1/2-1/2

[Event "CYCC U14"]
[Site "Quebec CAN"]
[Date "2018.07.24"]
[Round "3.35"]
[White "Doknjas, Neil"]
[Black "James, Rowan"]
[Result "1-0"]
[WhiteElo "1917"]
[BlackElo "1903"]
[PlyCount "55"]
[EventDate "2018.07.02"]
[EventType "swiss"]
[EventRounds "7"]
[EventCountry "CAN"]

1. e4 Nc6 2. d4 d5 3. exd5 Qxd5 4. Nf3 Bg4 5. Be2 O-O-O 6. Be3 Nf6 7. O-O e5 8.
c4 Qa5 9. d5 e4 10. Ng5 Bxe2 11. Qxe2 Ne5 12. Bd4 h6 13. Nxe4 Re8 14. Nxf6 gxf6
15. Bxe5 Rxe5 16. Qf3 Be7 17. Nc3 Rg8 18. Kh1 Qb6 19. a3 Rgg5 20. Qh3+ Kd8 21.
d6 cxd6 22. Nd5 Qd4 23. f4 Rh5 24. Qf3 Rxd5 25. cxd5 Qxd5 26. Qg4 Qf5 27. Qg8+
Kd7 28. Rac1 1-0

[Event "CYCC U14"]
[Site "Quebec CAN"]
[Date "2018.07.02"]
[Round "3.36"]
[White "Landstrom, William"]
[Black "Papneja, Arul"]
[Result "0-1"]
[WhiteElo "1297"]
[BlackElo "2082"]
[PlyCount "160"]
[EventDate "2018.07.02"]
[EventType "swiss"]
[EventRounds "7"]
[EventCountry "CAN"]

1. e4 c5 2. Nf3 d6 3. d4 cxd4 4. Nxd4 Nf6 5. Bd3 e5 6. Nf3 Be7 7. Nc3 a6 8. O-O
O-O 9. Qe2 Nc6 10. Bd2 Bg4 11. h3 Nd4 12. Qe3 Nxf3+ 13. gxf3 Bxh3 14. Rfe1 Nh5
15. f4 Nxf4 16. Qf3 Nxd3 17. cxd3 Be6 18. Qg2 Qd7 19. Re3 Bf6 20. Rf3 Kh8 21.
Rf1 Rg8 22. Nd5 Bxd5 23. exd5 Bh4 24. Rh3 g5 25. Kh1 Rg6 26. Rg1 Rag8 27. Qh2
Qf5 28. Bc1 f6 29. Rg2 Rc8 30. Be3 Rc2 31. Rg1 e4 32. d4 Rc8 33. Rb1 Qxd5 34.
b3 Qf5 35. Rd1 Qe6 36. Rb1 Rc2 37. Ra1 Qf5 38. a3 Rg7 39. Rb1 Qe6 40. a4 a5 41.
b4 Qa2 42. Rf1 Qc4 43. Rg1 Qe6 44. Qg2 Rg6 45. Qh2 Qf5 46. Rb1 axb4 47. Rxb4
Ra2 48. Rb1 Rxa4 49. Rc1 Ra6 50. Rb1 b5 51. Rc1 b4 52. Bd2 Qxf2 53. Rc8+ Rg8
54. Qxf2 Bxf2 55. Rc7 Bh4 56. Bxb4 Ra1+ 57. Kh2 Ra2+ 58. Kh1 Rga8 59. Bc3 R2a7
60. Rc6 Rd7 61. d5 Kg7 62. Rc4 Re8 63. Bd2 Kg6 64. Kg2 f5 65. Kh2 Ra8 66. Rc2
Ra4 67. Be3 Ra3 68. Rg2 h6 69. Kh1 f4 70. Rxh4 Rxe3 71. Rxf4 Rf7 72. Rxf7 Kxf7
73. Rd2 Kf6 74. Kg2 Ke5 75. Kf2 Rd3 76. Ra2 e3+ 77. Ke2 Rd2+ 78. Rxd2 exd2 79.
Kxd2 g4 80. Ke3 h5 0-1

[Event "CYCC U14"]
[Site "Quebec CAN"]
[Date "2018.07.02"]
[Round "3.37"]
[White "Dong, Yiwei"]
[Black "Demers, Alexis"]
[Result "0-1"]
[WhiteElo "1364"]
[BlackElo "1726"]
[PlyCount "156"]
[EventDate "2018.07.02"]
[EventType "swiss"]
[EventRounds "7"]
[EventCountry "CAN"]

1. d4 f5 2. Nf3 e6 3. Bf4 Nf6 4. e3 d5 5. Nbd2 c6 6. Be2 Be7 7. c3 O-O 8. Qc2
Ne4 9. Nxe4 fxe4 10. Ne5 Nd7 11. O-O Nxe5 12. Bxe5 Bd6 13. Bg3 Qc7 14. c4 Bxg3
15. fxg3 Bd7 16. Qc3 Rac8 17. Rxf8+ Rxf8 18. Rf1 Rxf1+ 19. Bxf1 Qb6 20. Qb3 Kf7
21. Qxb6 axb6 22. Kf2 c5 23. b3 e5 24. dxc5 d4 25. cxb6 d3 26. Ke1 Bc6 27. Kd2
Ke6 28. Kc3 Kd6 29. b4 Be8 30. Bxd3 exd3 31. Kxd3 Bg6+ 32. Kc3 Kc6 33. c5 Kb5
34. a3 Be4 35. Kb3 Bd5+ 36. Kc3 Bxg2 37. Kb3 Bd5+ 38. Kc3 Ka4 39. Kb2 Be6 40.
c6 Bd5 41. cxb7 Bxb7 42. h4 Kb5 43. Kc3 Kxb6 44. a4 Bd5 45. g4 Bf3 46. g5 Bd5
47. Kb2 Bc4 48. Kc3 Be2 49. Kd2 Bf3 50. Kc3 Bd1 51. a5+ Kb5 52. Kd2 Bf3 53. Kc3
Bd5 54. h5 Be4 55. h6 gxh6 56. gxh6 Bd5 57. Kd3 Kxb4 58. e4 Ba8 59. a6 Bc6 60.
a7 Bb7 61. Ke3 Kc3 62. Kf3 Kd3 63. Kg4 Kxe4 64. Kg5 Kf3 65. Kf6 e4 66. Kg7 e3
67. Kxh7 e2 68. Kg7 e1=Q 69. h7 Qa1+ 70. Kg8 Bd5+ 71. Kf8 Qh8+ 72. Ke7 Qxh7+
73. Kd6 Qxa7 74. Ke5 Qe3+ 75. Kd6 Qe6+ 76. Kc5 Ke3 77. Kb4 Qb6+ 78. Kc3 Qb3#
0-1

[Event "CYCC U14"]
[Site "Quebec CAN"]
[Date "2018.07.02"]
[Round "3.38"]
[White "Chung, Leo"]
[Black "Cloutier, Simon"]
[Result "1-0"]
[WhiteElo "1696"]
[BlackElo "1366"]
[PlyCount "71"]
[EventDate "2018.07.02"]
[EventType "swiss"]
[EventRounds "7"]
[EventCountry "CAN"]

1. Nf3 d5 2. g3 Nf6 3. Bg2 Bf5 4. d3 Nc6 5. O-O Qd7 6. Nbd2 O-O-O 7. a3 h6 8.
b4 a6 9. c4 Bh3 10. Re1 Bxg2 11. Kxg2 e6 12. Rb1 Bd6 13. c5 Be7 14. d4 Ne4 15.
Qb3 Bf6 16. e3 g5 17. b5 Na5 18. Qa4 Nc3 19. Qxa5 Nxb1 20. bxa6 Qc6 21. a7 Kd7
22. Nxb1 b6 23. cxb6 cxb6 24. Qa6 Ra8 25. Bd2 b5 26. Qa5 g4 27. Ne5+ Bxe5 28.
dxe5 Qb7 29. Qb4 Rxa7 30. Qxg4 Raa8 31. Qf4 Rh7 32. Rc1 Ra4 33. Bb4 Ra8 34. Qf6
Ke8 35. Bd6 d4+ 36. Kg1 1-0

[Event "CYCC U14"]
[Site "Quebec CAN"]
[Date "2018.07.02"]
[Round "3.39"]
[White "Zagas, Michael"]
[Black "Wang, Eric"]
[Result "0-1"]
[WhiteElo "1273"]
[BlackElo "1682"]
[PlyCount "74"]
[EventDate "2018.07.02"]
[EventType "swiss"]
[EventRounds "7"]
[EventCountry "CAN"]

1. e4 e5 2. Nf3 Nc6 3. Bc4 Bc5 4. b4 Bxb4 5. c3 Ba5 6. d4 exd4 7. O-O Nf6 8. e5
d5 9. Re1 dxc4 10. exf6+ Be6 11. fxg7 Rg8 12. Ne5 Rxg7 13. Nxc4 Qd5 14. Ne3
dxe3 15. Qxd5 Bxd5 16. Bxe3 Rxg2+ 17. Kf1 O-O-O 18. Bf4 Rg4 19. Bg3 Bc4+ 20.
Kg2 h5 21. h3 Rg6 22. h4 f5 23. Kh2 Rdg8 24. Rg1 f4 25. Na3 fxg3+ 26. Rxg3 Rxg3
27. fxg3 Bxc3 28. Rc1 Bb2 29. Rxc4 Bxa3 30. Re4 Bd6 31. Re6 Bxg3+ 32. Kh3 Bf4
33. Re4 Rg3+ 34. Kh2 Rg4+ 35. Kh3 Ne5 36. Re2 Nf3 37. Rg2 Rxh4# 0-1

[Event "CYCC U14"]
[Site "Quebec CAN"]
[Date "2018.07.02"]
[Round "3.40"]
[White "Yoker, Callum"]
[Black "Xiang, Christopher"]
[Result "0-1"]
[WhiteElo "1160"]
[BlackElo "1662"]
[PlyCount "124"]
[EventDate "2018.07.02"]
[EventType "swiss"]
[EventRounds "7"]
[EventCountry "CAN"]

1. d4 Nf6 2. Bf4 g6 3. e3 Bg7 4. Nf3 O-O 5. h3 d6 6. Be2 Nbd7 7. O-O c5 8. c3
b6 9. Nbd2 Bb7 10. Qc2 Rc8 11. Bd3 Nb8 12. Qd1 Nh5 13. Bh2 Nc6 14. Re1 Re8 15.
d5 Ne5 16. Nxe5 dxe5 17. e4 e6 18. c4 Nf4 19. Bc2 Qg5 20. Bg3 Nh5 21. Nf3 Qd8
22. Bh2 f6 23. Ba4 Re7 24. Qe2 exd5 25. cxd5 Nf4 26. Qc4 a6 27. Bxf4 b5 28. Qc3
exf4 29. Bb3 f5 30. d6+ Rf7 31. Bxf7+ Kxf7 32. e5 Bd5 33. Qd2 Be6 34. Ng5+ Qxg5
35. Rad1 Rd8 36. g3 Bh6 37. a3 Qh5 38. Qa5 Rd7 39. h4 fxg3 40. fxg3 Qf3 41. Qc3
Qg4 42. Kg2 Kg8 43. Qf3 Qc4 44. Qc3 Kf7 45. Qxc4 Bxc4 46. Kf3 Ke6 47. g4 Bg7
48. gxf5+ gxf5 49. Kf4 Bb3 50. Rd3 c4 51. Rg3 Bh6+ 52. Kf3 Rg7 53. Rxg7 Bxg7
54. Kf4 Bh6+ 55. Kf3 Bd2 56. Rg1 Ba5 57. Rg8 c3 58. Re8+ Kd7 59. Re7+ Kd8 60.
bxc3 Bxc3 61. e6 Be5 62. d7 Kxe7 0-1

[Event "CYCC U14"]
[Site "Quebec CAN"]
[Date "2018.07.02"]
[Round "3.41"]
[White "Mirabelli, Aidan"]
[Black "Lei, Yanyu"]
[Result "1-0"]
[WhiteElo "1592"]
[BlackElo "1337"]
[PlyCount "103"]
[EventDate "2018.07.02"]
[EventType "swiss"]
[EventRounds "7"]
[EventCountry "CAN"]

1. e4 c5 2. Nf3 d6 3. d4 cxd4 4. Nxd4 Nf6 5. Nc3 g6 6. Be2 Bg7 7. Be3 Bd7 8.
O-O O-O 9. f4 Nc6 10. f5 Nxd4 11. Bxd4 Bc6 12. Bf3 Qd7 13. fxg6 fxg6 14. e5
Bxf3 15. Rxf3 Ng4 16. Rxf8+ Rxf8 17. h3 Nxe5 18. Bxa7 Qc6 19. Qd5+ Qxd5 20.
Nxd5 Nc6 21. Be3 Rf5 22. c4 e6 23. Nf4 Nd8 24. Rd1 Be5 25. Nd3 Bg3 26. Bf2
Bxf2+ 27. Nxf2 Nf7 28. Ne4 d5 29. cxd5 exd5 30. Rxd5 Rxd5 31. Nf6+ Kf8 32. Nxd5
Ne5 33. Kf1 Kf7 34. Ke2 Ke6 35. Ne3 Kd6 36. Kd2 Kc5 37. Kc3 Kb5 38. a3 Ka4 39.
Nc4 Nxc4 40. Kxc4 b5+ 41. Kc5 h6 42. g3 g5 43. g4 Ka5 44. b4+ Ka4 45. Kb6 Kxa3
46. Kxb5 Kb3 47. Kc5 Ka4 48. b5 Ka5 49. Kc6 Kb4 50. b6 Ka5 51. b7 Ka6 52. b8=Q
1-0

[Event "CYCC U14"]
[Site "Quebec CAN"]
[Date "2018.07.02"]
[Round "3.42"]
[White "Grandmont, Mathias"]
[Black "Petrovic, Milos"]
[Result "1/2-1/2"]
[WhiteElo "1560"]
[BlackElo "1291"]
[PlyCount "43"]
[EventDate "2018.07.02"]
[EventType "swiss"]
[EventRounds "7"]
[EventCountry "CAN"]

1. Nf3 Nc6 2. d4 d5 3. c4 e6 4. Nc3 Bb4 5. e3 Nge7 6. a3 Bxc3+ 7. bxc3 Qd7 8.
cxd5 Qxd5 9. c4 Qh5 10. Be2 O-O 11. O-O b6 12. e4 Bb7 13. Ng5 Qh6 14. Nxf7 Qf6
15. Ng5 Qxd4 16. Be3 Qxd1 17. Raxd1 Bc8 18. Rd2 h6 19. Nf3 Rd8 20. Rxd8+ Nxd8
21. Bf4 c5 22. Rd1 1/2-1/2

[Event "CYCC U14"]
[Site "Quebec CAN"]
[Date "2018.07.02"]
[Round "3.43"]
[White "Xiao, Edward"]
[Black "Arcand, Louis"]
[Result "1/2-1/2"]
[WhiteElo "1524"]
[BlackElo "1267"]
[PlyCount "114"]
[EventDate "2018.07.02"]
[EventType "swiss"]
[EventRounds "7"]
[EventCountry "CAN"]

1. d4 d5 2. c4 c6 3. e3 Nf6 4. Nc3 Bf5 5. Nf3 e6 6. Bd3 Bxd3 7. Qxd3 Nbd7 8.
O-O Bd6 9. e4 dxe4 10. Nxe4 Nxe4 11. Qxe4 Nf6 12. Qd3 h6 13. Rd1 O-O 14. Ne5
Qc7 15. Qg3 Nh5 16. Qh3 Nf6 17. Bf4 c5 18. Qe3 Ng4 19. Qg3 cxd4 20. Qxg4 Bxe5
21. Bxe5 Qxe5 22. Qxd4 Qxd4 23. Rxd4 Rfd8 24. Rad1 Rxd4 25. Rxd4 Rc8 26. b3 b5
27. Kf1 bxc4 28. Rxc4 Rxc4 29. bxc4 Kf8 30. Ke2 Ke7 31. Kd3 Kd6 32. f4 f6 33.
g4 g5 34. f5 exf5 35. gxf5 Ke5 36. c5 Kd5 37. c6 Kxc6 38. Ke4 h5 39. Kd4 Kd6
40. Kc4 h4 41. Kd4 g4 42. Ke4 g3 43. hxg3 h3 44. Kf3 h2 45. Kg2 h1=Q+ 46. Kxh1
Ke5 47. Kg2 Kxf5 48. Kf3 Kg5 49. g4 f5 50. gxf5 Kxf5 51. Ke3 Ke5 52. Kd3 Kd5
53. Kc3 Kc5 54. Kb3 Kb5 55. Ka3 Ka5 56. Kb3 Kb5 57. Ka3 Ka5 1/2-1/2

[Event "CYCC U14"]
[Site "Quebec CAN"]
[Date "2018.07.02"]
[Round "3.44"]
[White "Chakkoli, Anirud"]
[Black "Blanco, Rafael"]
[Result "1-0"]
[WhiteElo "1422"]
[BlackElo "1197"]
[PlyCount "27"]
[EventDate "2018.07.02"]
[EventType "swiss"]
[EventRounds "7"]
[EventCountry "CAN"]

1. e4 e6 2. d4 d5 3. Nc3 Bb4 4. e5 c5 5. a3 Bxc3+ 6. bxc3 Ne7 7. Qg4 O-O 8. Bd3
Qa5 9. Bd2 Qc7 10. Nf3 Nbc6 11. Bxh7+ Kh8 12. Qh5 f6 13. Bg6+ Kg8 14. Qh7# 1-0

[Event "CYCC U14"]
[Site "Quebec CAN"]
[Date "2018.07.02"]
[Round "3.45"]
[White "Ramesh, Sanjay"]
[Black "Jiang, Shawn"]
[Result "1-0"]
[WhiteElo "1416"]
[BlackElo "1020"]
[PlyCount "65"]
[EventDate "2018.07.02"]
[EventType "swiss"]
[EventRounds "7"]
[EventCountry "CAN"]

1. d4 Nf6 2. c4 g6 3. Nc3 Bg7 4. Bf4 d6 5. Nf3 O-O 6. e3 Nh5 7. Bg3 Nxg3 8.
hxg3 Bg4 9. Be2 e5 10. d5 f5 11. Qd2 Nd7 12. Ng1 Bxe2 13. Ngxe2 Nb6 14. b3 c6
15. O-O-O c5 16. Rh3 a5 17. a4 Nc8 18. Rdh1 h5 19. e4 Qb6 20. Qg5 Na7 21. Qxg6
Rf6 22. Qxh5 Rh6 23. Qg5 Rxh3 24. Rxh3 Qxb3 25. exf5 Rf8 26. Rh6 Qb6 27. f6 Qc7
28. fxg7 Qxg7 29. Rg6 Qxg6 30. Qxg6+ Kh8 31. Ne4 Nc8 32. Ng5 Rf5 33. Qh7# 1-0

[Event "CYCC U14"]
[Site "Quebec CAN"]
[Date "2018.07.02"]
[Round "3.47"]
[White "Stopic, Alexander"]
[Black "Leblanc, Alexandre"]
[Result "0-1"]
[WhiteElo "1662"]
[BlackElo "1530"]
[PlyCount "58"]
[EventDate "2018.07.02"]
[EventType "swiss"]
[EventRounds "7"]
[EventCountry "CAN"]

1. c4 e5 2. g3 Nf6 3. Bg2 c6 4. Nc3 g6 5. d3 Bg7 6. e4 d6 7. Nge2 Nbd7 8. O-O
O-O 9. d4 Nb6 10. Qd3 c5 11. d5 Nh5 12. f4 f6 13. b3 Qe7 14. fxe5 fxe5 15. Be3
Bd7 16. Qd2 Rxf1+ 17. Rxf1 Rf8 18. Bh6 Rxf1+ 19. Bxf1 Bxh6 20. Qxh6 a5 21. a4
Qf6 22. Kg2 Bh3+ 23. Kxh3 Qxf1+ 24. Kh4 Qg2 25. h3 Qf3 26. Qg5 Nf6 27. g4 Kg7
28. Ng3 Qf2 29. Nb5 h6 0-1

[Event "CYCC U14"]
[Site "Quebec CAN"]
[Date "2018.07.03"]
[Round "3.48"]
[White "Asemota, Eghosa"]
[Black "Laroche, Hugo"]
[Result "0-1"]
[WhiteElo "823"]
[BlackElo "1415"]
[PlyCount "70"]
[EventDate "2018.07.02"]
[EventType "swiss"]
[EventRounds "7"]
[EventCountry "CAN"]

1. e4 e5 2. Nf3 Nc6 3. Bc4 Bc5 4. c3 Nf6 5. d4 exd4 6. cxd4 Bb4+ 7. Nc3 Bxc3+
8. bxc3 Nxe4 9. Qe2 d5 10. O-O O-O 11. Qd3 Bf5 12. Ne5 Nxe5 13. dxe5 dxc4 14.
Qxd8 Raxd8 15. Bf4 Rd3 16. Rab1 Nc5 17. Be3 Rxe3 18. fxe3 Bxb1 19. Rxb1 Re8 20.
Rb4 Rxe5 21. Rxc4 b6 22. Rd4 Kf8 23. Rd8+ Ke7 24. Rh8 h5 25. Rc8 Ne6 26. Kf2
Ra5 27. Kf3 Rxa2 28. h3 Rc2 29. Rh8 g6 30. Ra8 a5 31. Ke4 Rxg2 32. Kf3 Rc2 33.
Ke4 Rxc3 34. Ra7 Ra3 35. h4 Kd7 0-1

[Event "CYCC U14"]
[Site "Quebec CAN"]
[Date "2018.07.02"]
[Round "3.49"]
[White "Kochetkov, Maxim"]
[Black "Greco, Justin"]
[Result "1-0"]
[WhiteElo "1181"]
[BlackElo "943"]
[PlyCount "79"]
[EventDate "2018.07.02"]
[EventType "swiss"]
[EventRounds "7"]
[EventCountry "CAN"]

1. d4 d5 2. Bf4 Nc6 3. e3 Bf5 4. c3 Nf6 5. h3 Ne4 6. Bd3 e6 7. f3 Qh4+ 8. g3
Nxg3 9. Bxg3 Qxg3+ 10. Kf1 Be7 11. Bxf5 exf5 12. Nd2 Bh4 13. Qe2 O-O 14. Rh2
Rfe8 15. Rc1 Re6 16. c4 Nxd4 17. Qg2 Rxe3 18. Qxg3 Bxg3 19. Rg2 Bh4 20. Ne2
Nxf3 21. Nxf3 Rxf3+ 22. Kg1 Re8 23. cxd5 Rfe3 24. Rxc7 g6 25. Nc3 Bf6 26. Rxb7
Bd4 27. Kh2 Be5+ 28. Kg1 Re1+ 29. Kf2 Bd4+ 30. Kg3 R1e3+ 31. Kf4 Bxc3 32. bxc3
R8e4+ 33. Kg5 f6+ 34. Kxf6 Re8 35. c4 Rf8+ 36. Kg5 Re5 37. Kh6 f4 38. Rg7+ Kh8
39. Rxh7+ Kg8 40. Rxg6# 1-0

[Event "CYCC U14"]
[Site "Quebec CAN"]
[Date "2018.07.02"]
[Round "3.50"]
[White "Wu, Sunny"]
[Black "Vijendra, Vinushan"]
[Result "0-1"]
[WhiteElo "864"]
[BlackElo "1173"]
[PlyCount "122"]
[EventDate "2018.07.02"]
[EventType "swiss"]
[EventRounds "7"]
[EventCountry "CAN"]

1. b3 d6 2. Bb2 e5 3. e3 Nc6 4. Bb5 Nge7 5. Ne2 a6 6. Bxc6+ Nxc6 7. d4 Be7 8.
dxe5 dxe5 9. Qxd8+ Bxd8 10. Nbc3 Be6 11. h3 Be7 12. Rd1 O-O 13. Kd2 f5 14. Kc1
f4 15. e4 f3 16. gxf3 Rxf3 17. h4 Rxf2 18. h5 Bg4 19. Rde1 Bg5+ 20. Kb1 Bd2 21.
Rd1 Bxc3 22. Bxc3 Rxe2 23. Rde1 Rxe1+ 24. Rxe1 Rd8 25. Kc1 Bxh5 26. Bb2 Nd4 27.
Ba3 Nb5 28. Bb4 b6 29. a4 Nd4 30. Ba3 c5 31. Rf1 Ne2+ 32. Kb2 Ng3 33. Rf2 Nxe4
34. Rf5 Bd1 35. b4 Rd2 36. bxc5 bxc5 37. Rxe5 Bxc2 38. Bxc5 Nxc5 39. Rxc5 Bxa4+
40. Ka3 Bb5 41. Kb4 Rd4+ 42. Ka5 Ra4+ 43. Kb6 Rb4 44. Kc7 Rc4 45. Rxc4 Bxc4 46.
Kb6 h5 47. Kc5 h4 48. Kxc4 h3 49. Kc5 h2 50. Kb6 h1=Q 51. Kxa6 Qc6+ 52. Ka5 Qb7
53. Ka4 Qb6 54. Ka3 Qb5 55. Ka2 Qb4 56. Ka1 Kf7 57. Ka2 Ke6 58. Ka1 Kd5 59. Ka2
Kc4 60. Ka1 Kc3 61. Ka2 Qb2# 0-1

[Event "CYCC U14"]
[Site "Quebec CAN"]
[Date "2018.07.02"]
[Round "3.52"]
[White "Cossette-Labbe, Raphael"]
[Black "Zhu, Benjamin"]
[Result "1-0"]
[WhiteElo "1076"]
[BlackElo "830"]
[PlyCount "41"]
[EventDate "2018.07.02"]
[EventType "swiss"]
[EventRounds "7"]
[EventCountry "CAN"]

1. d4 e6 2. Nc3 Nf6 3. Nf3 d6 4. Bg5 Nbd7 5. e3 b6 6. Be2 Bb7 7. O-O h6 8. Bf4
Be7 9. Bd3 d5 10. Nb5 Bd6 11. Bxd6 cxd6 12. Nxd6+ Ke7 13. Nxb7 Qc7 14. Qd2 a5
15. Bb5 Qxb7 16. Qc3 Rac8 17. Qa3+ Kd8 18. Qd6 Re8 19. Ne5 Re7 20. Nc6+ Ke8 21.
Qxe7# 1-0

[Event "CYCC U14"]
[Site "Quebec CAN"]
[Date "2018.07.03"]
[Round "4.30"]
[White "Doknjas, Neil"]
[Black "Yang, Fan"]
[Result "1/2-1/2"]
[WhiteElo "1917"]
[BlackElo "2113"]
[PlyCount "83"]
[EventDate "2018.07.02"]
[EventType "swiss"]
[EventRounds "7"]
[EventCountry "CAN"]

1. e4 e5 2. Nf3 Nc6 3. d4 exd4 4. Nxd4 Bc5 5. Be3 Qf6 6. c3 Nge7 7. Bc4 d6 8.
O-O Bb6 9. f4 O-O 10. Kh1 Ng6 11. Na3 Bd7 12. Nac2 Qe7 13. Bd5 Nxd4 14. Bxd4 c6
15. Bb3 Qxe4 16. Bxb6 axb6 17. Qxd6 Bh3 18. Rf2 Bxg2+ 19. Rxg2 Nxf4 20. Qd2
Rad8 21. Qf2 Qxg2+ 22. Qxg2 Nxg2 23. Kxg2 Rd2+ 24. Kg1 g6 25. Re1 Rd7 26. Na3
b5 27. Nc2 Kg7 28. Nd4 b4 29. Bc4 bxc3 30. bxc3 Rfd8 31. Re5 Rc8 32. Re2 b5 33.
Bb3 Rcc7 34. Kg2 Rd8 35. Kf2 b4 36. Nf3 bxc3 37. Rc2 c5 38. Rxc3 f6 39. Bc4 h6
40. Bb3 Rd6 41. Bc4 Rd8 42. Bb3 1/2-1/2